Vasos comunicantes (Record no. 250)

MARC details
000 -CABECERA
campo de control de longitud fija 00909nam a2200193 a 4500
001 - NÚMERO DE CONTROL
campo de control BRCA_311
005 - FECHA Y HORA DE LA ÚLTIMA TRANSACCIÓN
campo de control 20190320202945.0
008 - DATOS DE LONGITUD FIJA--INFORMACIÓN GENERAL
campo de control de longitud fija 260508s2007----sp-a---###---#000-0#spa-#
050 #4 - SIGNATURA TOPOGRÁFICA DE LA BIBLIOTECA DEL CONGRESO
Número de clasificación ND196.V3
Número de documento/Ítem .V37 2007
245 10 - MENCIÓN DE TÍTULO
Título Vasos comunicantes
Resto del título vanguardias latinoamericanas y Europa, 1900-1950.
260 ## - PUBLICACIÓN, DISTRIBUCIÓN, ETC.
Lugar de publicación, distribución, etc. España
Nombre del editor, distribuidor, etc. Junta de León y Castilla : Ministerio de Cultura : Sociedad Estatal de Conmemoraciones Culturales
Fecha de publicación, distribución, etc. 2007
300 ## - DESCRIPCIÓN FÍSICA
Extensión 231 p.
Otras características físicas il. a color
Dimensiones 24 cm.
500 ## - NOTA GENERAL
Nota general Catálogo de la exposición realizada en el Museo de Arte Contemporáneo Esteban Vicente (Segovia), 20 diciembre, 2006 - 18 febrero, 2007
500 ## - NOTA GENERAL
Nota general Incluye piezas de la colección Franz Mayer: p. 153 y 154
500 ## - NOTA GENERAL
Nota general 2do. ejemplar en el Área de Investigación
650 14 - PUNTO DE ACCESO ADICIONAL DE MATERIA--TÉRMINO DE MATERIA
Término de materia o nombre geográfico como elemento de entrada Vanguardias artísticas
Subdivisión cronológica Siglo XX
Subdivisión geográfica América Latina
9 (RLIN) 1037
650 14 - PUNTO DE ACCESO ADICIONAL DE MATERIA--TÉRMINO DE MATERIA
Término de materia o nombre geográfico como elemento de entrada Pintores latinoamericanos
Subdivisión general Viajes a Europa
Subdivisión cronológica Siglo XX
9 (RLIN) 1038
942 ## - ELEMENTOS DE PUNTO DE ACCESO ADICIONAL (KOHA)
Fuente del sistema de clasificación o colocación Library of Congress Classification
Tipo de ítem Koha Libros
Holdings
Estado de retiro Estado de pérdida Estado dañado No para préstamo Localización permanente Ubicación/localización actual Fecha de adquisición Total de préstamos Signatura topográfica completa Código de barras Fecha visto por última vez Precio válido a partir de Tipo de ítem Koha Código de colección
El ejemplar forma parte de la colección y puede ser consultado según las políticas vigentes.       Biblioteca del Museo Franz Mayer (Rogerio Casas-Alatriste) Biblioteca del Museo Franz Mayer (Rogerio Casas-Alatriste) 25/06/2008   ND196.V3 .V37 2007 00401 22/03/2019 22/03/2019 Libros  
El ejemplar forma parte de la colección y puede ser consultado según las políticas vigentes.       Biblioteca del Museo Franz Mayer (Rogerio Casas-Alatriste) Biblioteca del Museo Franz Mayer (Rogerio Casas-Alatriste) 02/02/2012   ND196.V3 .V37 2007 02501 22/03/2019 22/03/2019 Libros Acervo General